000
00311 a2200133 4500
000
nam a22 7a 4500
100
_a
Tirath Prakash
110
_a
Tirath Prakash
245
_a
Administrative Law
250
_a
Latest edition
260
_b
Yking Books
_c
2025
264
_b
Yking Books
_c
2025
942
_c
BK
999
_c
396099
_d
396099